00398cam a22001337a 4500008004000000020001800040082001600058245006600074260002300140300001300163650002800176650004000204700002000244180718b1974 xxu||||| |||| 00| 0 eng d a0 7069 0322 6 aB19x5 In7/2 aStudies in Asian social developmentcedited by Suren Navlakha aDelhibVikasc1974 axv, 226p aAsia-social conditions. aEconomic development-social aspects aNavlakha, Suren